Nový devízový zákon

Úvod do právneho stavu na úseku devízovej legislatívy v Slovenskej republike v roku 1995. Prechod k vyššiemu stupňu zameniteľnosti slovenskej meny ako určujúci faktor pri koncipovaní nového devízového zákona. Charakteristické črty novej zákonnej úpravy devízového hospodárstva v Slovenskej republike,...

Ausführliche Beschreibung

Gespeichert in:
Bibliographische Detailangaben
1. Verfasser: Grúň, Ľubomír
Format: Buchkapitel
Sprache:Slowakisch
Schlagworte:
Tags: Tag hinzufügen
Keine Tags, Fügen Sie das erste Tag hinzu!

MARC

LEADER 00000naa a2200000 4500
001 r021564
005 20230921125040.3
041 0 |a slo 
044 |a SK 
245 1 0 |a Nový devízový zákon  |c Ľubomír Grúň 
520 |a Úvod do právneho stavu na úseku devízovej legislatívy v Slovenskej republike v roku 1995. Prechod k vyššiemu stupňu zameniteľnosti slovenskej meny ako určujúci faktor pri koncipovaní nového devízového zákona. Charakteristické črty novej zákonnej úpravy devízového hospodárstva v Slovenskej republike, jej klady a zápory. Perspektívy ďalšieho vývoja devízového práva v Slovenskej republike. 
610 2 0 |a zákony 
610 2 0 |a devízy 
610 2 0 |a Slovensko 
610 2 0 |a 1995 
610 2 0 |a úpravy právne 
610 2 0 |a mena 
610 2 0 |a konvertibilita 
610 2 0 |a legislatíva 
100 1 |a Grúň, Ľubomír